Schaums Outline of Theory and Problems of data Structures / (Record no. 179884)
[ view plain ]
| 000 -LEADER | |
|---|---|
| fixed length control field | 00756 a2200181 4500 |
| 003 - CONTROL NUMBER IDENTIFIER | |
| control field | Nust |
| 005 - DATE AND TIME OF LATEST TRANSACTION | |
| control field | 20221013171332.0 |
| 040 ## - CATALOGING SOURCE | |
| Transcribing agency | Nust |
| 082 ## - DEWEY DECIMAL CLASSIFICATION NUMBER | |
| Classification number | 005.73,LIP |
| 100 ## - MAIN ENTRY--PERSONAL NAME | |
| Personal name | Lipschutz, Seymour |
| 9 (RLIN) | 8529 |
| 245 ## - TITLE STATEMENT | |
| Title | Schaums Outline of Theory and Problems of data Structures / |
| Statement of responsibility, etc. | Seymour Lipschutz |
| 260 ## - PUBLICATION, DISTRIBUTION, ETC. | |
| Place of publication, distribution, etc. | Lahore |
| Name of publisher, distributor, etc. | JBD Press |
| Date of publication, distribution, etc. | 1986 |
| 300 ## - PHYSICAL DESCRIPTION | |
| Extent | 339 p.: |
| 505 ## - FORMATTED CONTENTS NOTE | |
| Formatted contents note | Introduction (Page-1),Preliminaries (Page-17), String Processing (Page-41), Arrays, Records and Pointers (Page-67), Linked Lists (Page-114), Stacks, Queues, Recursion (Page-164), Trees (Page-214), Graphs and Their Applications (Page-277), Sorting and Searching (Page-318). |
| 600 ## - SUBJECT ADDED ENTRY--PERSONAL NAME | |
| Personal name | SEYMOUR LIPSCHUTZ |
| 9 (RLIN) | 794 |
| 650 ## - SUBJECT ADDED ENTRY--TOPICAL TERM | |
| Topical term or geographic name entry element | DATA STRUCTURES |
| 9 (RLIN) | 100142 |
| 942 ## - ADDED ENTRY ELEMENTS (KOHA) | |
| Source of classification or shelving scheme | |
| Koha item type | Book |
| Call number prefix | 005.73,LIP |
| Withdrawn status | Lost status | Source of classification or shelving scheme | Damaged status | Not for loan | Permanent Location | Current Location | Shelving location | Date acquired | Full call number | Barcode | Date last seen | Price effective from | Koha item type | Public note | Total Checkouts | Date last checked out |
|---|---|---|---|---|---|---|---|---|---|---|---|---|---|---|---|---|
| Military College of Signals (MCS) | Military College of Signals (MCS) | General Stacks | 12/12/2016 | 005.73 LIP | MCS30559 | 12/08/2016 | 12/12/2016 | Book | Almirah No. 81, Shelf No.2 | |||||||
| Military College of Signals (MCS) | Military College of Signals (MCS) | General Stacks | 12/12/2016 | 005.73,LIP | MCS36857 | 12/08/2016 | 12/12/2016 | Book | Almirah No.6, Shelf No.5 | |||||||
| Military College of Signals (MCS) | Military College of Signals (MCS) | General Stacks | 07/11/2023 | 005.73,LIP | MCS38739 | 10/23/2025 | 07/11/2023 | Book | Almirah No.6, Shelf No.5 | 2 | 10/09/2025 |
